| 000 | 00000nam 2200000zi 4500 |
| 001 | 9.888343 |
| 003 | CaOODSP |
| 005 | 20240123082949 |
| 006 | m o d f |
| 007 | cr cn||||||||| |
| 008 | 200617t20212021onc ob f000 0 eng d |
| 020 | |a9780660352640 |
| 040 | |aCaOODSP|beng|erda|cCaOODSP |
| 043 | |an-cn--- |
| 086 | 1 |aA118-10/18-2019E-PDF |
| 245 | 00|aCrop profile for raspberry in Canada, 2019 / |cprepared by Pest Management Program, Agriculture and Agri-Food Canada. |
| 250 | |aFourth edition - 2021. |
| 264 | 1|aOttawa, ON, Canada : |bAgriculture and Agri-Food Canada = Agriculture et agroalimentaire Canada, |c2021. |
| 264 | 4|c©2021 |
| 300 | |a1 online resource (55 pages) |
| 336 | |atext|btxt|2rdacontent |
| 337 | |acomputer|bc|2rdamedia |
| 338 | |aonline resource|bcr|2rdacarrier |
| 500 | |aIssued also in French under title: Profil de la culture de la framboise au Canada, 2019. |
| 504 | |aIncludes bibliographical references (pages 51, 55). |
| 650 | 0|aRaspberries|xDiseases and pests|xControl|zCanada. |
| 650 | 0|aRaspberries|xDiseases and pests|zCanada. |
| 650 | 0|aRaspberry industry|zCanada. |
| 710 | 1 |aCanada. |bAgriculture and Agri-Food Canada, |eissuing body. |
| 710 | 2 |aPest Management Centre (Canada), |eissuing body. |
| 775 | 08|tProfil de la culture de la framboise au Canada, 2019 / |w(CaOODSP)9.888344 |
| 794 | |tCrop profile for raspberry in Canada, 2022 / |b(Fifth edition - 2024)|w(CaOODSP)9.924790 |
| 795 | |tCrop profile for raspberry in Canada, 2016 / |b(Third edition - 2019)|w(CaOODSP)9.867461 |
| 856 | 40|qPDF|s1.27 MB|uhttps://publications.gc.ca/collections/collection_2021/aac-aafc/A118-10-18-2019-eng.pdf |
| 986 | |a13070E |